00848nam a2200229 a 4500001001000000003000900010005001700019007000300036008004100039020001800080040002500098082003100123100003000154245010700184250002100291260003500312300004900347500005700396610005200453650005600505651005700561000047496DO-SdBNP20230216091826.0ta121115s2015 dr ac 000 0 spa d a9789993449829 aDO-SdBNPbspacBNPHU 4a324.27293bA448p, 20152221 aAlmeyda Rancier, Franklin13aEl PLD y las fuerzas sociales :btestimonio sobre su origen y desarrollo /cFranklin Almeynda Rancier. a5a. ed. revisada aSanto Domingo :bGente,c2015. a383 p. :bilustraciones y retratos ;c24 cm. aIncluye datos biográficos del autor en las solapas14aPartido de la Liberación DominicanaxHistoria 4aPartidos políticoszRepública Dominicanay1961- 4aRepública DominicanaxPolítica y gobiernoy1961-